Alle 97 Oscar Gewinnerinnen "Beste Schauspielerin" (1929 - 2024) - Statistiken

Allgemein
  • Dieses Quiz wurde 65 mal gespielt
  • Das Durchschnittsergebnis liegt bei 26 aus 97
Antwortstatistiken
Jahr 🚩 Film(e) Schauspielerin % Korrekt
1983 🇺🇸 🔸Sophies Entscheidung Meryl Streep
65%
2012 🇺🇸 🔸Die Eiserne Lady Meryl Streep
65%
2017 🇺🇸 🔸La La Land Emma Stone
63%
2024 🇺🇸 🔸Poor Things Emma Stone
63%
1954 🇬🇧 🇳🇱 🇺🇸 🔸Ein Herz & eine Krone Audrey Hepburn
59%
1989 🇺🇸 🔸Angeklagt Jodie Foster
59%
1992 🇺🇸 🔸Das Schweigen der Lämmer Jodie Foster
59%
2001 🇺🇸 🔸Erin Brockovich Julia Roberts
56%
2010 🇺🇸 🔸Blind Side - Die große Chance Sandra Bullock
54%
2013 🇺🇸 🔸Silver Linings Jennifer Lawrence
50%
2009 🇬🇧 🔸Der Vorleser Kate Winslet
50%
2011 🇮🇱 🇺🇸 🔸Black Swan Natalie Portman
50%
1934 🇺🇸 🔸Morning Glory Katharine Hepburn
46%
1968 🇺🇸 🔸Rate mal, wer zum Essen kommt Katharine Hepburn
46%
1969 🇺🇸 🔸Der Löwe im Winter Katharine Hepburn
46%
1982 🇺🇸 🔸Am goldenen See Katharine Hepburn
46%
2002 🇺🇸 🔸Monster's ball Halle Berry
43%
1969 🇺🇸 🔸Funny Girl Barbra Streisand
39%
1988 🇺🇸 🔸Mondsüchtig Cher
39%
2007 🇬🇧 🔸Die Queen Helen Mirren
39%
2000 🇺🇸 🔸Boys don't cry Hilary Swank
39%
2005 🇺🇸 🔸Million Dollar Baby Hilary Swank
39%
1936 🇺🇸 🔸Dangerous Bette Davis
37%
1939 🇺🇸 🔸Jezebel - Die boshafte Lady Bette Davis
37%
1973 🇺🇸 🔸Cabaret Liza Minnelli
37%
1955 🇺🇸 🔸Ein Mädchen vom Lande Grace Kelly
35%
1999 🇺🇸 🔸Shakespeare in Love Gwyneth Paltrow
35%
2003 🇦🇺 🇺🇸 🔸The Hours - Von Ewigkeit zu Ewigkeit Nicole Kidman
35%
1940 🇬🇧 🔸Vom Winde verweht Vivien Leigh
35%
1952 🇬🇧 🔸Endstation Sehnsucht Vivien Leigh
35%
1961 🇬🇧 🇺🇸 🔸Telefon Butterfield 8 Elizabeth Taylor
33%
1967 🇬🇧 🇺🇸 🔸Wer hat Angst vor Virginia Woolf? Elizabeth Taylor
33%
2004 🇿🇦 🔸Monster Charlize Theron
31%
1978 🇺🇸 🔸Der Stadtneurotiker Diane Keaton
31%
1997 🇺🇸 🔸Fargo Frances McDormand
31%
2018 🇺🇸 🔸3 Billboards Outside Ebbing, Missouri Frances McDormand
31%
2021 🇺🇸 🔸Nomadland Frances McDormand
31%
2006 🇺🇸 🔸Walk the Line Reese Witherspoon
31%
1945 🇸🇪 🔸Das Haus der Lady Alquist Ingrid Bergman
30%
1957 🇸🇪 🔸Anastasia Ingrid Bergman
30%
1972 🇺🇸 🔸Klute Jane Fonda
30%
1979 🇺🇸 🔸Coming Home - Sie kehren heim Jane Fonda
30%
1965 🇺🇸 🔸Mary Poppins Julie Andrews
30%
2014 🇦🇺 🔸Blue Jasmin Kate Blanchett
30%
1962 🇮🇹 🔸Und dennoch leben sie Sophia Loren
30%
2015 🇺🇸 🔸Still Alice - Mein Leben ohne gestern Julianne Moore
28%
1930 🍁 🔸Coquette Mary Pickford
28%
1963 🇺🇸 🔸Licht im Dunkel Anne Bancroft
26%
1991 🇺🇸 🔸Misery Kathy Bates
26%
2023 🇲🇾 🔸Everything Everywhere All at Once Michelle Yeoh
26%
2020 🇺🇸 🔸Judy Renée Zellweger
26%
1947 🇺🇸 🔸Mutterherz Olivia de Havilland
24%
1950 🇺🇸 🔸Die Erbin Olivia de Havilland
24%
1956 🇮🇹 🔸Die tätowierte Rose Anna Magnani
20%
1993 🇬🇧 🔸Wiedersehen in Howards End Emma Thompson
20%
1946 🇺🇸 🔸Solange dein Herz schlägt Joan Crawford
20%
1970 🇬🇧 🔸Die besten Jahre der Miss Joan Brodie Maggie Smith
20%
1996 🇺🇸 🔸Dead Man Walking Susan Sarandon
20%
2016 🇺🇸 🔸Room Brie Larson
19%
1990 🇬🇧 🔸Miss Daisy & ihr Chauffeur Jessica Tandy
19%
2008 🇫🇷 🔸La vie en rose Marion Cotillard
19%
2019 🇬🇧 🔸The Favorite - Intrigen & Irrsinn Olivia Colman
19%
1981 🇺🇸 🔸Nashville Lady Sissy Spacek
19%
2022 🇺🇸 🔸The Eyes of Tammy Faye Jessica Chastain
17%
1951 🇺🇸 🔸Die ist nicht von gestern Judy Holliday
17%
1984 🇺🇸 🔸Zettl der Zärtlichkeit Shirley MacLaine
17%
1935 🇫🇷 🇺🇸 🔸Es geschah in einer Nacht Claudette Colbert
15%
1944 🇺🇸 🔸Das Lied von Bernadette Jennifer Jones
15%
1966 🇬🇧 🔸Darling Julie Christie
15%
1975 🇺🇸 🔸Alice lebt hier nicht mehr Ellen Burstyn
13%
1977 🇺🇸 🔸Network Faye Dunaway
13%
1998 🇺🇸 🔸Besser geht's nicht Helen Hunt
13%
1942 🇺🇸 🔸Verdacht Joan Fontaine
13%
1937 🇩🇪 🔸Der große Ziegfeld Luise Rainer
13%
1938 🇩🇪 🔸Die gute Erde Luise Rainer
13%
1960 🇫🇷 🔸Der Weg nach oben Simone Signoret
13%
1959 🇺🇸 🔸Laßt mich leben Susan Hayward
13%
1941 🇺🇸 🔸Fräulein Kitty Ginger Rogers
11%
1971 🇬🇧 🔸Liebende Frauen Glenda Jackson
11%
1974 🇬🇧 🔸Mann, bist du klasse Glenda Jackson
11%
1994 🇺🇸 🔸Das Piano Holly Hunter
11%
1949 🇺🇸 🔸Schweigende Lippen Jane Wyman
11%
1976 🇺🇸 🔸Einer flog über das Kuckucksnest Louise Fletcher
11%
1987 🇺🇸 🔸Gottes vergessene Kinder Marlee Matlin
11%
1980 🇺🇸 🔸Norma Rae - eine Frau steht ihren Mann Sally Field
11%
1985 🇺🇸 🔸Ein Platz im Herzen Sally Field
11%
1986 🇺🇸 🔸A Trip to Bountiful - Reise Reise ins Glück Geraldine Page
9%
1995 🇺🇸 🔸Operation Blue Sky Jessica Lange
9%
1931 🍁 🔸Die fremde Mutter Marie Dressler
9%
1943 🇬🇧 🔸Mrs. Miniver Greer Garson
7%
1929 🇺🇸 🔸Das Glück in der Mansarde🔸Engel der Straße 🔸Sonnenaufgang - Lied von 2 Menschen Janet Gaynor
7%
1930 🇺🇸 🔸Die Frau für alle Norma Shearer
7%
1958 🇺🇸 🔸Eva mit den 3 Gesichtern Joanne Woodward
6%
1948 🇺🇸 🔸 Die Farmerstochter Loretta Young
6%
1964 🇺🇸 🔸Der Wildeste unter 1 000 Patricia Neal
6%
1953 🇺🇸 🔸Kehr zurück, kleine Sheba Shirley Booth
6%
1932 🇺🇸 🔸Die Sünde der Madelon Claudet Helen Haynes
0%
Keine übereinstimmenden Quizze gefunden
Verteilung der Resultate
Anzahl Personen mit jedem Resultat
Perzentil nach korrekt beantworteten Fragen
Ihre Resultats-Entwicklung
Sie haben dieses Quiz noch nicht gespielt